Guess The American Brands! #35 - Statistics

General Stats
  • This quiz has been taken 26 times
  • The average score is 8 of 24
Answer Stats
Picture Answer % Correct
Route 66
90%
Milky Way
81%
Vanish
62%
Act II
48%
Sunkist
48%
Charmin
43%
The Backyardigans
43%
Jell-O
38%
Diablo
33%
Microsoft Edge
33%
Sunoco
33%
Google Talk
29%
Apache
19%
Banana Republic
19%
Blackstone
19%
GQ
19%
Lockheed Martin
19%
MS Dos
19%
Signal
19%
Joomla
14%
Royal Carribean
14%
Bing Translator
10%
Cessna
10%
Parrot
10%
No matching quizzes found
Score Distribution
Percent of People with Each Score
Percentile by Number Answered
Your Score History
You have not taken this quiz